书目信息 |
| 题名: |
木工
|
|
| 作者: | 王振国 主编 ;钱奇超 , 郭敬仿 编写 ;中央农业广播电视学校 组编 | |
| 分册: | ||
| 出版信息: | 北京 中国农业大学出版社 2006.05 |
|
| 页数: | 156页 | |
| 开本: | 21cm | |
| 丛书名: | ||
| 单 册: | ||
| 中图分类: | TU759.1 | |
| 科图分类: | ||
| 主题词: | 建筑工程--jian zhu gong cheng--木工--技术教育--教材 | |
| 电子资源: | ||
| ISBN: | 7-81117-022-1 | |
| 000 | 01104nam0 2200277 450 | |
| 001 | 012006066406 | |
| 005 | 20070611095740.46 | |
| 010 | @a7-81117-022-1@dCNY8.50 | |
| 100 | @a20061209d2006 km y0chiy0120 ea | |
| 101 | 0 | @achi |
| 102 | @aCN@b110000 | |
| 105 | @aa a 000yy | |
| 200 | 1 | @a木工@Amu gong@f王振国主编@Fwang zhen guo zhu bian@g钱奇超, 郭敬仿编写@Gqian qi chao,guo jing fang bian xie@g中央农业广播电视学校组编@Gzhong yang nong ye guang bo dian shi xue xiao zu bian |
| 210 | @a北京@c中国农业大学出版社@d2006.05 | |
| 215 | @a156页@c图@d21cm | |
| 300 | @a农村劳动力转移职业技能培训教材 | |
| 320 | @a有书目。 | |
| 330 | @a本书介绍了执业基础,建筑识图与房屋构造,常用木材、人造板材及胶粘剂,常用工具、机械的使用等内容。 | |
| 606 | 0 | @a建筑工程@Ajian zhu gong cheng@x木工@x技术教育@j教材 |
| 690 | @aTU759.1@v4 | |
| 701 | 0 | @a王振国@Awang zhen guo@4主编 |
| 702 | 0 | @a钱奇超@Aqian qi chao@4编写 |
| 702 | 0 | @a郭敬仿@Aguo jing fang@4编写 |
| 712 | 02 | @a中央农业广播电视学校@Azhong yang nong ye guang bo dian shi xue xiao@4组编 |
| 801 | 0 | @aCN@c20070611 |
| 905 | @a10447@dTU759.1@eW461 | |
| 木工/王振国主编/钱奇超, 郭敬仿编写/中央农业广播电视学校组编.-北京:中国农业大学出版社,2006.05 |
| 156页:图;21cm |
| 农村劳动力转移职业技能培训教材 |
| ISBN 7-81117-022-1:CNY8.50 |
| 本书介绍了执业基础,建筑识图与房屋构造,常用木材、人造板材及胶粘剂,常用工具、机械的使用等内容。 |
| ● |
| 相关链接 |
|
|
|
正题名:木工
索取号:TU759.1/W461
 
预约/预借
| 序号 | 登录号 | 条形码 | 馆藏地/架位号 | 状态 | 备注 |
| 1 | 231754 | 202317545 | 建筑库201/201建筑库 44排4列3层/ [索取号:TU759.1/W461] | 在馆 | |
| 2 | 231755 | 202317554 | 建筑库201/201建筑库 44排4列3层/ [索取号:TU759.1/W461] | 在馆 | |
| 3 | 231756 | 202317563 | 建筑库201/201建筑库 44排4列3层/ [索取号:TU759.1/W461] | 在馆 |